000 00372nam a2200157Ia 4500
003 OSt
005 20240217110539.0
008 170523s9999 xx 000 0 und d
020 _a978-9351611479
040 _ciimt university meerut
100 _aFINNERTRY- JOHN D
245 0 _aCORPORATE FINANCIAL ANALYSIS
260 _bMC GRAW HILL
260 _c1987
942 _2ddc
_c02
999 _c475
_d475